Introduction to economic geography: (Record no. 1848057)

MARC details
000 -LEADER
fixed length control field 00792nam a22002417a 4500
003 - CONTROL NUMBER IDENTIFIER
control field OSt
005 - DATE AND TIME OF LATEST TRANSACTION
control field 20260407161219.0
008 - FIXED-LENGTH DATA ELEMENTS--GENERAL INFORMATION
fixed length control field 260407b |||||||| |||| 00| 0 eng d
020 ## - INTERNATIONAL STANDARD BOOK NUMBER
International Standard Book Number 978-1-138-92451-2
037 ## - SOURCE OF ACQUISITION
Terms of availability Reference
040 ## - CATALOGING SOURCE
Original cataloging agency FEDL
Language of cataloging eng
Transcribing agency FEDL
041 ## - LANGUAGE CODE
Language code of text/sound track or separate title eng
Language code of original eng
082 ## - DEWEY DECIMAL CLASSIFICATION NUMBER
Edition number 3rd ed.
Classification number 910.133 MAC/RR
100 ## - MAIN ENTRY--PERSONAL NAME
Personal name MacKinnon, Danny
9 (RLIN) 863032
245 ## - TITLE STATEMENT
Title Introduction to economic geography:
Remainder of title Globalisation, uneven development and place/
Statement of responsibility, etc. by Dany MacKinnon; Andrew Cumblers
260 ## - PUBLICATION, DISTRIBUTION, ETC.
Place of publication, distribution, etc. London
Name of publisher, distributor, etc. Routledge
Date of publication, distribution, etc. 2019
300 ## - PHYSICAL DESCRIPTION
Extent xiv, 427p.
365 ## - TRADE PRICE
Price type code GBP
Price amount 56.99
650 ## - SUBJECT ADDED ENTRY--TOPICAL TERM
Topical term or geographic name entry element ECONOMIC- GEOGRAPHY
9 (RLIN) 863033
700 ## - ADDED ENTRY--PERSONAL NAME
Personal name Cumbers, Andrews
9 (RLIN) 863034
942 ## - ADDED ENTRY ELEMENTS (KOHA)
Source of classification or shelving scheme Dewey Decimal Classification
Koha item type Reference
Edition 3rd ed.
Classification part 910.133 MAC/RR
Suppress in OPAC No

No items available.

Copyright @ Delhi University Library System